000 00391nam a22001697a 4500
003 NUST
020 _a9789967432291
038 _aKhadija
082 _a665.776
_bPRO
100 _aKarimov, Kh. S.
_986366
245 _aProduction and Utilization of Biogas
260 _aGermany:
_bBishkek,
_c2009.
300 _a75 p, ;
_b28 cm.
500 _aHardcover.
563 _aHB
942 _cBK
_2ddc
999 _c32741
_d32741